[Event "Cheliabinsk Lozovatsky Memorial-B"]
[Site "Cheliabinsk"]
[Date "2018.01.17"]
[Round "9"]
[White "Chos, Alexey"]
[Black "Frolov, Ivan"]
[Result "0-1"]
[WhiteElo "2317"]
[BlackElo "2286"]
[PlyCount "100"]
[EventDate "2018.01.09"]
[EventType "tourn"]
[EventRounds "9"]
[EventCountry "RUS"]
[EventCategory "3"]
[SourceTitle "CBM 182 Extra"]
[Source "ChessBase"]
[SourceDate "2018.02.23"]
[SourceVersion "1"]
[SourceVersionDate "2018.02.23"]
[SourceQuality "1"]

1. e4 c6 2. d4 d5 3. e5 Bf5 4. Nf3 e6 5. Be2 h6 6. 0-0 Ne7 7. a4 Bh7 8. a5 Nf5 9. Nbd2 Bb4 10. Nb3 0-0 11. Bd2 Be7 12. Re1 Nd7 13. c4 g5 14. Bc3 g4 15. Nfd2 h5 16. Nf1 f6 17. cxd5 cxd5 18. exf6 Rxf6 19. f3 gxf3 20. Bxf3 h4 21. Re2 h3 22. Qe1 Ng7 23. Bxd5 exd5 24. Rxe7 Be4 25. Rxe4 dxe4 26. Qxe4 hxg2 27. Ng3 Qe8 28. Qxb7 Qe3+ 29. Kxg2 Rf2+ 30. Kh1 Raf8 31. Qd5+ Kh8 32. Bd2 Qd3 33. Bh6 Nf6 34. Bxg7+ Kxg7 35. Qb7+ Rf7 36. Nc5 Rxh2+ 37. Kxh2 Qh7+ 38. Kg1 Rxb7 39. Nxb7 Qd3 40. Ra3 Qxd4+ 41. Kf1 Qxb2 42. Nf5+ Kf8 43. Rd3 Ne4 44. Rd8+ Kf7 45. Ke1 Qf2+ 46. Kd1 Qxf5 47. a6 Qf1+ 48. Kc2 Qc4+ 49. Kb2 Qxa6 50. Rd7+ Kg6 0-1

[Event "Cheliabinsk Kurnosov Memorial rapid"]
[Site "Cheliabinsk"]
[Date "2017.09.08"]
[Round "3"]
[White "Chigaev, Maksim"]
[Black "Frolov, Ivan"]
[Result "1-0"]
[WhiteElo "2566"]
[BlackElo "2275"]
[PlyCount "107"]
[EventDate "2017.09.08"]
[EventType "swiss (rapid)"]
[EventRounds "11"]
[EventCountry "RUS"]
[SourceTitle "CBM 180 Extra"]
[Source "ChessBase"]
[SourceDate "2017.10.06"]
[SourceVersion "1"]
[SourceVersionDate "2017.10.06"]
[SourceQuality "1"]

1. e4 c6 2. d4 d5 3. exd5 cxd5 4. Bd3 Qc7 5. c3 Nc6 6. Ne2 Bg4 7. 0-0 e6 8. Qe1 Bd6 9. f3 Bh5 10. Qh4 Bg6 11. Bxg6 fxg6 12. Bf4 Nf6 13. Nd2 0-0 14. Bxd6 Qxd6 15. Rae1 b5 16. Qg3 Qxg3 17. hxg3 b4 18. Nf4 bxc3 19. bxc3 Nd8 20. Nxe6 Nxe6 21. Rxe6 Rfc8 22. Rc1 Rab8 23. Nb3 Kf7 24. Ra6 Rc7 25. Rc2 g5 26. Nc5 Re7 27. Nd3 Rb1+ 28. Kf2 g4 29. Ne5+ Kg8 30. Re2 Rc7 31. Rc6 Rxc6 32. Nxc6 a6 33. Rc2 h5 34. a4 Ra1 35. a5 Ne8 36. Ne7+ Kf7 37. Nxd5 Rxa5 38. c4 gxf3 39. gxf3 Ra4 40. Ne3 Rb4 41. d5 a5 42. c5 a4 43. d6 Nxd6 44. cxd6 Ke6 45. Nc4 Kd7 46. Ke3 a3 47. Kd4 Rb3 48. Ra2 g5 49. Rxa3 Rxa3 50. Nxa3 h4 51. gxh4 gxh4 52. Nc4 h3 53. Ne5+ Kxd6 54. Ng4 1-0

[Event "Cheliabinsk Governor's Cup IM"]
[Site "Satka"]
[Date "2017.07.07"]
[Round "7"]
[White "Drygalov, Sergey"]
[Black "Frolov, Ivan"]
[Result "1/2-1/2"]
[WhiteElo "2429"]
[BlackElo "2333"]
[PlyCount "127"]
[EventDate "2017.06.30"]
[EventType "tourn"]
[EventRounds "9"]
[EventCountry "RUS"]
[EventCategory "4"]
[SourceTitle "EXT 2018"]
[Source "ChessBase"]
[SourceDate "2017.10.13"]
[SourceVersion "1"]
[SourceVersionDate "2017.10.13"]
[SourceQuality "1"]

1. d4 d5 2. Nf3 Nf6 3. c4 e6 4. g3 c6 5. Nbd2 Nbd7 6. Bg2 Bd6 7. 0-0 0-0 8. Qc2 b6 9. e4 dxe4 10. Nxe4 Nxe4 11. Qxe4 Bb7 12. Qc2 Qc7 13. Ng5 Nf6 14. c5 bxc5 15. dxc5 Be7 16. Re1 h6 17. Ne4 Nd5 18. a3 a5 19. Bd2 Ba6 20. Rac1 Rfd8 21. Nd6 Bxd6 22. cxd6 Rxd6 23. Qa4 Bb5 24. Qe4 Qd7 25. a4 Nf6 26. Qe5 Ng4 27. Qc5 Bxa4 28. Bxa5 Bb5 29. Bb4 Rd4 30. Bc3 Rc4 31. Qb6 Rca4 32. h3 R4a6 33. Qc5 Nf6 34. Bxf6 gxf6 35. Rcd1 Qe8 36. Qh5 Qf8 37. Rd7 R6a7 38. Red1 Rxd7 39. Rxd7 f5 40. Qh4 Qg7 41. Qh5 Ra1+ 42. Kh2 Qf6 43. b3 Kg7 44. Qf3 Rc1 45. Qf4 Rc2 46. h4 Qb2 47. Kg1 Qc1+ 48. Qxc1 Rxc1+ 49. Kh2 Rc3 50. Rb7 Kf6 51. b4 f4 52. gxf4 Rc4 53. Kg3 Rc3+ 54. Kh2 Kg6 55. Be4+ Kg7 56. Bh1 Be2 57. Bg2 Bf3 58. Rc7 Bxg2 59. Kxg2 Rc4 60. Kg3 Kg6 61. f3 f6 62. Kg4 h5+ 63. Kg3 Kf5 64. Rh7 1/2-1/2

[Event "Cheliabinsk Vasenko Cup"]
[Site "Cheliabinsk"]
[Date "2017.06.01"]
[Round "6"]
[White "Frolov, Ivan"]
[Black "Tologontegin, Semetey"]
[Result "1/2-1/2"]
[WhiteElo "2333"]
[BlackElo "2439"]
[PlyCount "91"]
[EventDate "2017.05.27"]
[EventType "tourn"]
[EventRounds "9"]
[EventCountry "RUS"]
[EventCategory "4"]
[SourceTitle "EXT 2018"]
[Source "ChessBase"]
[SourceDate "2017.10.13"]
[SourceVersion "1"]
[SourceVersionDate "2017.10.13"]
[SourceQuality "1"]

1. e4 c5 2. d4 cxd4 3. c3 dxc3 4. Nxc3 Nc6 5. Nf3 e6 6. Bc4 a6 7. 0-0 Bc5 8. Bb3 Nge7 9. Bg5 f6 10. Bf4 Ng6 11. Bd6 Bxd6 12. Qxd6 Qe7 13. Qc7 d6 14. Qb6 0-0 15. Rfd1 Rd8 16. Nd4 Nge5 17. f4 Nxd4 18. Rxd4 Nf7 19. f5 Rb8 20. Rad1 Kf8 21. Rc4 exf5 22. Nd5 Qe5 23. Rc7 Bd7 24. exf5 Qxf5 25. Rxb7 Rxb7 26. Qxb7 Qe5 27. Nb6 Be8 28. Qxa6 Qxb2 29. Qc4 Qe5 30. Kh1 Qc5 31. Qa6 Ne5 32. h3 Bb5 33. Qa7 Bc6 34. Kh2 Nf3+ 35. Kh1 Ne5 36. Kh2 Be4 37. Bd5 Qc2 38. Bxe4 Qxe4 39. Nd5 Re8 40. Qb6 Nf3+ 41. Kg3 Qh4+ 42. Kxf3 Qh5+ 43. Kg3 Qxd1 44. Qxd6+ Kf7 45. Qd7+ Kf8 46. Qd6+ 1/2-1/2

[Event "Cheliabinsk Lozovatsky Memorial-A"]
[Site "Cheliabinsk"]
[Date "2017.01.22"]
[Round "10"]
[White "Bezgodov, Alexei"]
[Black "Frolov, Ivan"]
[Result "1-0"]
[WhiteElo "2470"]
[BlackElo "2362"]
[PlyCount "45"]
[EventDate "2017.01.14"]
[EventType "tourn"]
[EventRounds "10"]
[EventCountry "RUS"]
[EventCategory "9"]
[SourceTitle "EXT 2018"]
[Source "ChessBase"]
[SourceDate "2017.10.13"]
[SourceVersion "1"]
[SourceVersionDate "2017.10.13"]
[SourceQuality "1"]

1. e4 Nf6 2. e5 Nd5 3. d4 d6 4. Nf3 g6 5. Bc4 Nb6 6. Bb3 Bg7 7. Ng5 e6 8. Qf3 0-0 9. Qh3 h6 10. Nf3 c5 11. Bxh6 cxd4 12. Nbd2 dxe5 13. Ng5 Nd5 14. Bxg7 Kxg7 15. Qh7+ Kf6 16. 0-0 Nc6 17. f4 exf4 18. Bxd5 exd5 19. Rxf4+ Bf5 20. Rxf5+ gxf5 21. Re1 Kxg5 22. Nf3+ Kf4 23. Qh6+ 1-0

[Event "Cheliabinsk Lozovatsky Memorial-A"]
[Site "Cheliabinsk"]
[Date "2017.01.20"]
[Round "8"]
[White "Ponkratov, Pavel"]
[Black "Frolov, Ivan"]
[Result "1-0"]
[WhiteElo "2596"]
[BlackElo "2362"]
[PlyCount "57"]
[EventDate "2017.01.14"]
[EventType "tourn"]
[EventRounds "10"]
[EventCountry "RUS"]
[EventCategory "9"]
[SourceTitle "EXT 2018"]
[Source "ChessBase"]
[SourceDate "2017.10.13"]
[SourceVersion "1"]
[SourceVersionDate "2017.10.13"]
[SourceQuality "1"]

1. d4 Nf6 2. c4 g6 3. Nc3 d5 4. Bf4 Bg7 5. Rc1 0-0 6. e3 c6 7. Nf3 Bg4 8. h3 Bxf3 9. Qxf3 Qb6 10. Rc2 Nbd7 11. Be2 dxc4 12. Bxc4 Qa5 13. 0-0 e5 14. Bh2 exd4 15. exd4 Nb6 16. Bb3 Rad8 17. Re2 Nbd5 18. Be5 Rfe8 19. Rfe1 Rf8 20. g4 Rd7 21. g5 Nxc3 22. bxc3 Nh5 23. h4 Qd8 24. Bh2 Kh8 25. Re4 Qa5 26. Re8 Rd8 27. Qxf7 Qxc3 28. Rxf8+ Rxf8 29. Re8 1-0

[Event "Urals-ch 74th"]
[Site "Khanty-Mansiysk"]
[Date "2016.03.25"]
[Round "3"]
[White "Chekletsov, Egor"]
[Black "Frolov, Ivan"]
[Result "0-1"]
[WhiteElo "1998"]
[BlackElo "2344"]
[PlyCount "166"]
[EventDate "2016.03.23"]
[EventType "swiss"]
[EventRounds "9"]
[EventCountry "RUS"]
[SourceTitle "CBM 171 Extra"]
[Source "ChessBase"]
[SourceDate "2016.04.26"]
[SourceVersion "1"]
[SourceVersionDate "2016.04.26"]
[SourceQuality "1"]

1. e4 c6 2. d4 d5 3. e5 Bf5 4. Nf3 e6 5. Be2 Ne7 6. 0-0 h6 7. Nbd2 Nd7 8. Nb3 Bh7 9. a4 Nf5 10. a5 Be7 11. c4 0-0 12. Bd2 Kh8 13. Bc3 dxc4 14. Bxc4 b5 15. axb6 axb6 16. Qd2 b5 17. Bd3 Nb6 18. Rxa8 Qxa8 19. Ra1 Na4 20. Bb4 Qd8 21. Bxe7 Nxe7 22. Bxh7 Kxh7 23. Qc2+ Kg8 24. Nc5 Nb6 25. Nb7 Qd7 26. Nd6 Nec8 27. Nxc8 Rxc8 28. Qc5 Na4 29. Qb4 c5 30. dxc5 Nxc5 31. h3 Nd3 32. Qb3 Qd5 33. Qxd5 exd5 34. Rd1 Nxb2 35. Rxd5 b4 36. Rb5 Nd3 37. Kf1 Rc2 38. Rd5 b3 39. Rxd3 b2 40. Rb3 Rc1+ 41. Ke2 b1Q 42. Rxb1 Rxb1 43. Nd2 Rg1 44. g3 g5 45. Kf3 Rh1 46. Kg4 Kg7 47. f4 gxf4 48. gxf4 Rg1+ 49. Kf5 h5 50. h4 Rg4 51. Nf3 Kh6 52. Ng5 Kg7 53. Nf3 Kf8 54. Ke4 Kg8 55. Kf5 Kg7 56. Ke4 Kg6 57. Ke3 f5 58. exf6 Kxf6 59. Ke4 Rg2 60. Nd4 Rg3 61. Nf3 Rh3 62. f5 Rg3 63. Ne5 Ra3 64. Nf3 Ra5 65. Nd4 Re5+ 66. Kf4 Re1 67. Nf3 Rh1 68. Ke4 Rd1 69. Ng5 Ra1 70. Nh7+ Kg7 71. Ng5 Ra4+ 72. Ke5 Rxh4 73. f6+ Kg6 74. f7 Kg7 75. Ke6 Rf4 76. Ke5 Rf2 77. Ke4 Kg6 78. Nf3 Kxf7 79. Kf4 Rg2 80. Ke4 Kf6 81. Kf4 Rg4+ 82. Ke3 h4 83. Kf2 h3 0-1

[Event "Moscow op-A"]
[Site "Moscow"]
[Date "2016.02.03"]
[Round "5"]
[White "Ulko, Jaroslav"]
[Black "Frolov, Ivan"]
[Result "1-0"]
[WhiteElo "2456"]
[BlackElo "2318"]
[PlyCount "69"]
[EventDate "2016.01.30"]
[EventType "swiss"]
[EventRounds "9"]
[EventCountry "RUS"]
[SourceTitle "CBM 170 Extra"]
[Source "ChessBase"]
[SourceDate "2016.02.25"]
[SourceVersion "1"]
[SourceVersionDate "2016.02.25"]
[SourceQuality "1"]

1. d4 Nf6 2. Nf3 e6 3. e3 b6 4. Bd3 Bb7 5. 0-0 c5 6. c4 Be7 7. Nc3 0-0 8. d5 d6 9. e4 Na6 10. Re1 e5 11. a3 Bc8 12. Rb1 h6 13. b4 g5 14. Nd2 Kg7 15. Nf1 Rg8 16. Ng3 Kf8 17. Bd2 h5 18. Nxh5 Bg4 19. Be2 Bxh5 20. Bxh5 Qd7 21. Be2 g4 22. Bh6+ Ke8 23. Bd3 Nh5 24. Bc2 Qc8 25. Ba4+ Kd8 26. Bc6 Rb8 27. Nb5 Bh4 28. g3 Rg6 29. Be3 Ke7 30. gxh4 Qh8 31. Qa4 Rbg8 32. Nxd6 g3 33. Nf5+ Kf8 34. Qxa6 gxf2+ 35. Kxf2 1-0

[Event "Samara Polugaevsky Memorial 3rd"]
[Site "Samara"]
[Date "2013.07.07"]
[Round "6"]
[White "Tunik, Gennady"]
[Black "Frolov, Ivan"]
[Result "1/2-1/2"]
[WhiteElo "2435"]
[BlackElo "2327"]
[PlyCount "103"]
[EventDate "2013.07.02"]
[EventType "swiss"]
[EventRounds "9"]
[EventCountry "RUS"]
[SourceTitle "CBM 155 Extra"]
[Source "ChessBase"]
[SourceDate "2013.08.26"]
[SourceVersion "1"]
[SourceVersionDate "2013.08.26"]
[SourceQuality "1"]

1. d4 d5 2. c4 e5 3. dxe5 d4 4. Nf3 Nc6 5. g3 Bf5 6. Bg2 Qd7 7. 0-0 0-0-0 8. a3 Nge7 9. Bg5 h6 10. Bxe7 Bxe7 11. Nbd2 h5 12. b4 Bh3 13. Qa4 h4 14. b5 Nb8 15. Qxa7 hxg3 16. fxg3 Bxg2 17. Kxg2 Qh3+ 18. Kg1 g5 19. c5 g4 20. c6 bxc6 21. bxc6 Nxc6 22. Qa6+ Kd7 23. e6+ fxe6 24. Rac1 Bd6 25. Qxc6+ Ke7 26. Nh4 Rxh4 27. Qg2 Qxg2+ 28. Kxg2 Rh5 29. Nc4 Rdh8 30. Rh1 e5 31. e4 Rb8 32. Rb1 Rhh8 33. a4 Ke6 34. Rhc1 Rb4 35. Rxb4 Bxb4 36. Rb1 c5 37. a5 Ra8 38. Ra1 d3 39. a6 d2 40. Ne3 Bc3 41. Ra4 Bd4 42. Nd1 Kd6 43. Kf1 Kc6 44. Ke2 Kb5 45. Ra3 Rxa6 46. Nc3+ Bxc3 47. Rxc3 c4 48. Kxd2 Ra2+ 49. Ke3 Rxh2 50. Rc1 Rg2 51. Rb1+ Kc5 52. Rb5+ 1/2-1/2

[Event "Anapa op"]
[Site "Anapa"]
[Date "2012.09.01"]
[Round "2"]
[White "Golovachev, Andrei"]
[Black "Frolov, Ivan"]
[Result "0-1"]
[WhiteElo "2072"]
[BlackElo "2237"]
[PlyCount "62"]
[EventDate "2012.08.30"]
[EventType "swiss"]
[EventRounds "9"]
[EventCountry "RUS"]
[SourceTitle "CBM 150 Extra"]
[Source "ChessBase"]
[SourceDate "2012.10.19"]
[SourceVersion "1"]
[SourceVersionDate "2012.10.19"]
[SourceQuality "1"]

1. e4 e5 2. Nf3 Nc6 3. Bb5 g6 4. c3 Bg7 5. d4 exd4 6. cxd4 Nge7 7. d5 a6 8. Be2 Na5 9. e5 b5 10. d6 cxd6 11. exd6 Nf5 12. g4 Nh4 13. Nxh4 Qxh4 14. Bf3 Bb7 15. Qe2+ Kf8 16. Qe7+ Qxe7+ 17. dxe7+ Kxe7 18. Bxb7 Nxb7 19. Nc3 h5 20. gxh5 Rxh5 21. Bf4 Rc8 22. Rc1 Nc5 23. 0-0 Nd3 24. Nd5+ Rxd5 25. Rxc8 Nxf4 26. Re1+ Ne6 27. Rc2 Be5 28. Rce2 d6 29. Kh1 Kd7 30. Rc2 Rd3 31. Rec1 Rh3 0-1

[Event "Cheliabinsk EKRO Cup 11th"]
[Site "Cheliabinsk"]
[Date "2012.05.09"]
[Round "8"]
[White "Frolov, Ivan"]
[Black "Matsenko, Elena"]
[Result "1/2-1/2"]
[WhiteElo "2234"]
[BlackElo "1974"]
[PlyCount "23"]
[EventDate "2012.05.02"]
[EventType "swiss"]
[EventRounds "9"]
[EventCountry "RUS"]
[SourceTitle "CBM 148 Extra"]
[Source "ChessBase"]
[SourceDate "2012.06.22"]
[SourceVersion "1"]
[SourceVersionDate "2012.06.22"]
[SourceQuality "1"]

1. e4 c5 2. Nf3 Nc6 3. c3 Nf6 4. e5 Nd5 5. d4 cxd4 6. cxd4 d6 7. Bc4 Nb6 8. Bd3 Bg4 9. Be3 e6 10. 0-0 Be7 11. Be4 Rc8 12. Nbd2 1/2-1/2